Financing to foster community health care: a comparative analysis of Singapore, Europe, North America and Australia /

में बचाया:
ग्रंथसूची विवरण
मुख्य लेखक: Duff, John
स्वरूप: मूलपाठ
टैग: टैग जोड़ें
कोई टैग नहीं, इस रिकॉर्ड को टैग करने वाले पहले व्यक्ति बनें!

MARC

LEADER 00000 a a2200000 04500
001 48689
003
040
100 |a Duff, John  
245 |a Financing to foster community health care:   |b a comparative analysis of Singapore, Europe, North America and Australia /  |c John Duff  
773 |g volumen 49, número 3, (2001), páginas 135-154  
999 |c 37038  |d 37038